Central Library OPAC University of Rajshahi

The making of Tanganyika / (Record no. 28200)

MARC details
000 -LEADER
fixed length control field 00723nam a2200229 a 4500
001 - CONTROL NUMBER
control field 28200
003 - CONTROL NUMBER IDENTIFIER
rucl marc code BD-RjUL
005 - DATE AND TIME OF LATEST TRANSACTION
control field 20211209051242.0
008 - FIXED-LENGTH DATA ELEMENTS--GENERAL INFORMATION
fixed length control field 140329s1965 enkabcf b 001 0 eng d
035 ## - SYSTEM CONTROL NUMBER
System control number (BD-RjUL)28281
040 ## - CATALOGING SOURCE
Original cataloging agency NWU
Language of cataloging eng
Transcribing agency NWU
Modifying agency NWU
-- BD-RjUL
041 ## - LANGUAGE CODE
Language code of text/sound track or separate title eng
082 04 - DEWEY DECIMAL CLASSIFICATION NUMBER
Classification number 967.82
Edition number 19
Author mark and year LIM 1965
100 1# - MAIN ENTRY--PERSONAL NAME
Personal name Listowel, Judith,
Dates associated with a name 1904-
9 (RLIN) 86363
245 14 - TITLE STATEMENT
Title The making of Tanganyika /
Statement of responsibility, etc. by Judith Listowel.
260 ## - PUBLICATION, DISTRIBUTION, ETC. (IMPRINT)
Place of publication, distribution, etc. London :
Name of publisher, distributor, etc. Chatto & Windus,
Date of publication, distribution, etc. 1965.
300 ## - PHYSICAL DESCRIPTION
Pagination xix, 451 p., [4] p. of plates :
Illustrations ill., maps, port. ;
Size 23 cm.
504 ## - BIBLIOGRAPHY, ETC. NOTE
Bibliography, etc Bibliography: p. 441-443. and index.
651 #0 - SUBJECT ADDED ENTRY--GEOGRAPHIC NAME
Geographic name Tanzania
General subdivision History.
9 (RLIN) 86364
Geographic name Tanzania
General subdivision Politics and government.
9 (RLIN) 86365
942 ## - ADDED ENTRY ELEMENTS (KOHA)
Source of classification or shelving scheme Dewey Decimal Classification
Koha item type Books
Holdings
Lost status Source of classification or shelving scheme Damaged status Not for loan Collection code Permanent Location Current Location Shelving location Date acquired Source of acquisition Cost, normal purchase price Total Checkouts Full call number Date last seen Copy number Koha item type
  Dewey Decimal Classification   Added to bundle Non-fiction Central Library, University of Rajshahi Central Library, University of Rajshahi Reading Room 28/02/1967 Beller Books. 40.50   967.82 LIM 1965 29/03/2014 C-1 Books